01680cam a22003734i 4500003000900000005001700009008004100026020001500067035002700082040003300109082002100142100003000163245006800193264007300261300003900334336002100373337002500394338002300419490005100442504004000493505062500533526001001158526001001168526001001178526001001188526000801198526000801206526000801214526000801222526000801230526000801238526000801246650005201254PE-LiUPU20250731173509.0150616s1995 miu rb 000 0 eng d a0802824366 a(Sirsi) i9780802824363 aPE-LiUPUbspacPE-LiUPUerda04a226.695bW682211 aWinter, Bruce W.,eautor.14aThe Book of Acts in Its Pelestinian Setting /cBruce W. Winter. 1aGrand Rapids, Michigan :bWilliam B. Eerdmans Publishing Co.,c1995. a526 páginas ;c24 centímetros. atext2rdacontent aunmediated2rdamedia avolume2rdacarrier0 aThe Book of Acts in first century setting ;v4 aBibliografía al pie de páginas.0 aThe location of cultures in second temple Palestine: the evidence of Josephus.Acts and Roman Policy in judaea -- The Geography of Palestine in Acts -- Palestinian Jewish Personal Names in Acts -- Chief Priests, Sadducees, Pharisees and sanhedrin in Acts -- Synagogues in Jerusalem -- The Composition of the Jerusalem Church -- The Population Size of Jerusalem and the Numerical Growth of the Jerusalem Church -- Jewish Prayer Literature and the Jerusalem Church in Acts -- The Cenacle-Topographical ssetting for Acts 2:44-45 -- The Palestinian Cultural Context of Earlliest Christian Community of Goods -- Jawish activ. aSEG42 aSEG41 aSEG40 aSEG39 aP94 aP87 aP86 aP85 aP77 aP76 aP3504aPalestina y la Cristianidad - Historia antigua.